Największe miasta Ukrainy - Statystyki

Ogólne statystyki
  • Ten quiz został rozwiązany 502 razy
  • Średni wynik to 9 z 15
Statystyki odpowiedzi
Liczba Ludności Miasto % Poprawnych
1 2 967 360 Kijów
100%
7 724 314 Lwów
95%
2 1 443 207 Charków
93%
3 1 018 669 Odessa
87%
5 908 456 Donieck
86%
12 401 197 Ługańsk
67%
11 436 569 Mariupol
60%
6 731 922 Zaporoże
53%
10 449 138 Sewastopol
50%
8 619 278 Krzywy Róg
49%
9 480 080 Mikołajów
49%
4 990 724 Dniepropietrowsk
34%
13 370 063 Winnica
32%
15 336 212 Symferopol
17%
14 343 158 Makiejewka
6%
Nie znaleziono quizów pasujących do podanych kryteriów
Rozkład punktacji
Procent ludzi z każdym wynikiem
Percentyl według liczby udzielonych odpowiedzi
Twoja historia wyników
Nie rozwiązałeś tego quizu